[Т. 1] : Музыка в автомобиле; Электронные автоматы; Приставки к телефонам; Приборы радиационного контроля; СИ-БИ, КВ, УКВ связь; Измерительная лаборатория; Конструкции и схемы для прочтения с паяльником

Detalles Bibliográficos
Parent link:Конструкции и схемы для прочтения с паяльником/ авт.-сост. А. Я. Гриф. [Т. 1] : Музыка в автомобиле; Электронные автоматы; Приставки к телефонам; Приборы радиационного контроля; СИ-БИ, КВ, УКВ связь; Измерительная лаборатория.— , 2001-2003
Idioma:ruso
Publicado: 2001
Series:"Солон-Р" - радиолюбителям Вып. 7
Subjects:
Formato: Libro
KOHA link:https://koha.lib.tpu.ru/cgi-bin/koha/opac-detail.pl?biblionumber=57241

MARC

LEADER 00000nam2a2200000 4500
001 57241
005 20231101211645.0
010 |a 5934551124 
035 |a (RuTPU)RU\TPU\book\60376 
090 |a 57241 
100 |a 20031024d2001 m y0rusy50 ca 
101 0 |a rus 
102 |a RU 
105 |a a z 000zy 
200 0 |a [Т. 1] : Музыка в автомобиле; Электронные автоматы; Приставки к телефонам; Приборы радиационного контроля; СИ-БИ, КВ, УКВ связь; Измерительная лаборатория 
210 |d 2001 
215 |a 276 с.  |c ил. 
225 1 |a "Солон-Р" - радиолюбителям  |v Вып. 7 
461 1 |0 (RuTPU)RU\TPU\book\61301  |t Конструкции и схемы для прочтения с паяльником  |f авт.-сост. А. Я. Гриф  |v [Т. 1] : Музыка в автомобиле; Электронные автоматы; Приставки к телефонам; Приборы радиационного контроля; СИ-БИ, КВ, УКВ связь; Измерительная лаборатория  |d 2001-2003 
606 1 |a Паяние в радиоэлектронике  |2 stltpush  |3 (RuTPU)RU\TPU\subj\48396  |9 67267 
610 1 |a радиоэлектроника 
610 1 |a интегральная электроника 
610 1 |a автомобили 
610 1 |a акустические системы 
610 1 |a любительский радиокомплекс 
610 1 |a усилители 
610 1 |a микросхемы 
610 1 |a бытовые электронные автоматы 
610 1 |a термостабилизаторы 
610 1 |a автоматические водокачки 
610 1 |a зарядные устройства 
610 1 |a телеуправление 
610 1 |a телефонные аппараты 
610 1 |a приставки 
610 1 |a телефонные аппараты 
610 1 |a приставки 
610 1 |a телефонные линии 
610 1 |a сигнализаторы 
610 1 |a антенны 
610 1 |a передатчики 
610 1 |a радиолюбительство 
675 |a 621.396.6.002.72  |v 3 
801 1 |a RU  |b 63413507  |c 20031024  |g PSBO 
801 2 |a RU  |b 63413507  |c 20130717  |g PSBO 
900 |a Системы электроники автомобилей и тракторов 
900 |a Системы электроники и автоматики автомобилей и тракторов 
900 |a Электронные и микропроцессорные средства автомобилей 
942 |c BK